Statistiques concernant 20 pays les plus endettés

Cliquez ici pour prendre le quiz!

Statistiques générales

  • Ce quiz a été pris 107 fois
  • Le résultat moyen est 8 sur 20

Statistiques - réponses

Dette publiquePays% Correct
97,01%France
97%
172,73%Grèce
88%
99,44%Espagne
87%
246,14%Japon
84%
133,76%Italie
82%
126,35%Portugal
80%
105,06%Etats-Unis
79%
106,57%Belgique
59%
107,75%Irlande
57%
105,67%Chypre
23%
131,82%Liban
17%
97,77%Singapour
17%
115,89%Bhoutan
10%
129,24%Erythrée
9%
121,08%Cap Vert
8%
132,82%Jamaïque
8%
102,51%Barbade
7%
106,91%Antigua-et-Barbuda
4%
100,01%Gambie
4%
107,11%Grenade
4%

Distribution des résultats

Percentile par nombre de réponses

% des personnes avec chaque résultat

Votre développement - résultats

Vous n’avez pas pris ce quiz